El arte de Comunicarse (Registro nro. 52268)
[ vista simple ]
| 000 -LÍDER | |
|---|---|
| Campo fijo de descripción fija | 01052aab a2200205 i 4500 |
| 001 - NÚMERO DE CONTROL | |
| Campo de control | 768714001 |
| 003 - IDENTIFICADOR DEL NÚMERO DE CONTROL | |
| Campo de control | CO-MdFUSB |
| 005 - FECHA Y HORA DE LA ULTIMA TRANSACCIÓN | |
| control field | 20240422120916.0 |
| 008 - ELEMENTOS DE LONGITUD FIJA -- INFORMACIÓN GENERAL | |
| Campo fijo de descripción fija -- Información general | 221108s1997 ag ||||| |||| 00| 0 spa d |
| 040 ## - FUENTE DE CATALOGACIÓN | |
| Idioma de catalogación | spa |
| Agencia que realiza la transcripción | CO-MdFUSB |
| Agencia que realiza la modificación | CO-MdFUSB |
| 041 ## - CÓDIGO DE IDIOMA | |
| Código de idioma para texto/pista de sonido o título separado | spa |
| 100 1# - ASIENTO PRINCIPAL--NOMBRE PERSONAL | |
| Nombre personal | Pérez de Camargo, Carmen |
| Término relacionador | autor |
| 245 13 - TÍTULO | |
| Título | El arte de Comunicarse |
| Mención de responsabilidad | / Carmen Pérez de Camargo , Jesús Camargo López |
| 300 ## - DESCRIPCIÓN FÍSICA | |
| Extensión | Volumen 16, número 3 (julio - septiembre, 1997), páginas: 28 - 29 |
| Dimensiones | ; 27 cm |
| 520 ## - NOTA DE RESUMEN, ETC. | |
| Nota de sumario, etc. | La comunicación en la familia es un proceso con un doble propósito: informar sobre conceptos, sentimientos, experiencias y opiniones propios; establecer un mayor grado de intimidad entre los participantes, al generar un conocimiento más profundo y una relación más cercana entre aquellos que participan en el proceso. |
| 650 #7 - ASIENTO SECUNDARIO DE MATERIA - TERMINO TEMÁTICO | |
| Término temático o nombre geográfico como elemento de entrada | Familia y enseñanza |
| 9 (RLIN) | 224 |
| 700 1# - ENTR. SECUNDARIA - Nombre Personal (R) | |
| Nombre de persona | Camargo López, Jesús |
| Término indicativo de función | autor |
| 773 0# - ASIENTO DE ITEM FUENTE | |
| Título | Iglesia y Misión |
| Biblionumber | 49402 |
| Itemnumber | 59636 |
| Parte(s) relacionada(s) / Volumen., número. (mes año), páginas | Volumen 16, número 3 (julio - septiembre, 1997), páginas: 28-29 |
| Enumeración y primera página | Páginas: 28 |
| 942 ## - TIPO DE MATERIAL (KOHA) | |
| Tipo de Item KOHA | Artículos de Revista |
No hay ítems disponibles.
